000 00380 a2200097 4500
245 0 0 _aSystem interfejsu dla programowanej aparatury pomiarowej - Przesył informacji bajty - szeregowo, bity - równoległe PN-83/T-06536 /
_cMHiPMaszynowego.
246 1 3 _aPN-83/T-06536
246 1 3 _a621.327.67:621.317.7
260 _aWarszawa :
_bMHiPMaszynowego,
_c1983.
300 _a69 stron ;
_c30 cm.
650 _aPolska norma
999 _c20047
_d20047